| 000 | 00997nam a22003497a 4500 | ||
|---|---|---|---|
| 003 | OSt | ||
| 005 | 20241207115506.0 | ||
| 008 | 241207b |||||||| |||| 00| 0 eng d | ||
| 040 | _cSTCPL | ||
| 041 | _aENG | ||
| 082 |
_a820 _bJIN-P |
||
| 100 | _aJinu C Thomas | ||
| 110 | _aGuided by Dr Augustine Joseph | ||
| 111 | _aDept. of English, St Thomas College Palai, Mahatma Gandhi University, Kottayam | ||
| 245 |
_aPolitical theatre in India: A study in Bhoma, Naadugadhika and Hallabol / _cby Jinu C Thomas |
||
| 260 |
_aPala: _cJanuary 2022 |
||
| 300 |
_a245 p. _bPB |
||
| 650 | _aEnglish language and literature | ||
| 650 | _aIndia | ||
| 650 | _aPolitical theatre | ||
| 650 | _aDrama | ||
| 650 | _aBhoma | ||
| 650 | _aNaadugadhika | ||
| 650 | _aHallabol | ||
| 650 | _aColonial period | ||
| 650 | _aIndependence struggle | ||
| 650 | _aTheatre activism | ||
| 650 | _aSabaltern people | ||
| 650 | _aSocial element | ||
| 942 | _cTHE | ||
| 942 |
_2ddc _n0 |
||
| 999 |
_c83898 _d83898 |
||